Litter decomposition: : a guide to carbon and nutrient turnover
Αποθηκεύτηκε σε:
| Κύριος συγγραφέας: | |
|---|---|
| Άλλοι συγγραφείς: | |
| Μορφή: | Βιβλίο |
| Γλώσσα: | English |
| Δημοσίευση: |
Amsterdam : Burlington, MA :
Elsevier, Academic Press,
2006
|
| Θέματα: | |
| Ετικέτες: |
Προσθήκη ετικέτας
Δεν υπάρχουν, Καταχωρήστε ετικέτα πρώτοι!
|
MARC
| LEADER | 00000nam a2200000 i 4500 | ||
|---|---|---|---|
| 001 | 1/91833 | ||
| 008 | 080804s2006 eng d | ||
| 020 | |a 978-0-12-373617-8 | ||
| 020 | |a 0-12-373617-X | ||
| 035 | |l 10099361 | ||
| 040 | |a GR-MY-UA |b gre |e aacr | ||
| 041 | 0 | |a eng | |
| 082 | 0 | |a 577.57 |2 (22) | |
| 100 | 1 | |a Berg, Bjorn |d 1943- | |
| 245 | 1 | 0 | |a Litter decomposition: : |b a guide to carbon and nutrient turnover / |c by Bjorn Berg, Ryszard Laskowski |
| 260 | |a Amsterdam : |a Burlington, MA : |b Elsevier, |b Academic Press, |c 2006 | ||
| 300 | |a xv, 421 σ.; |b εικ. (μερ. έγχρ.); |c 23 εκ. | ||
| 500 | |a Αυτός ο τόμος εκδόθηκε πρώτη φορά ως Advances in ecological research, τόμος 28 | ||
| 504 | |a Περιέχει βιβλιογραφικές παραπομπές και ευρετήριο | ||
| 650 | 0 | 0 | |a Plant litter |x Biodegradation. |
| 650 | 0 | 0 | |a Soil ecology. |
| 700 | 1 | |a Laskowski, Ryszard. | |
| 852 | |a INST |b LESVOS |e 20080804 |h 577.57 BER |p 005100041928 |q 005100041928 |t BK |y 0 | ||
| 901 | |a BIBL1-2008-2 | ||
| 909 | |a Λ |b 142651 | ||
| 922 | |a 1ΕΛΗ |b 200712 |c ΕΠΕΑΕΚ2/ΤΠ |d ΕΛΕΥΘΕΡΟΥΔΑΚΗΣ | ||
| 970 | |a ΚΑΡΑ |b ΓΙΑΣΕΜΗ |z 2008/08/04 | ||